{"text_format":"3","workbook":"xlsx","n_sheets":3,"sheets":["汇总表","安装工程","甲供材料及设备一览表"],"not_rendered":{"defined_names":1},"read":"whole","date_system":"1900"}

{"sheet":"汇总表","index":0,"n_rows":6,"n_cols":4,"rows_kept":6,"merged":[[0,0,0,3],[1,0,1,1]]}
["招标控制价汇总表"]
["工程名称：棒材加热炉蓄热烧嘴改造",null,"项目编号：",201099]
["序号","项目名称","编制金额（元）","备注"]
["一","安装部分",{"$f":"C5","v":{"v":84888,"d":"84888.00"}}]
[1,"棒材加热炉蓄热烧嘴改造",{"$f":"安装工程!G31","v":{"v":84888,"d":"84888.00"}}]
["二","合计",{"$f":"SUM(C4:C4)","v":{"v":84888,"d":"84888.00"}},"不含税"]

{"sheet":"安装工程","index":1,"n_rows":31,"n_cols":8,"rows_kept":31,"merged":[[0,0,0,7],[1,0,1,2],[1,6,1,7],[2,0,3,0],[2,1,3,1],[2,2,3,2],[2,3,3,3],[2,4,3,4],[2,5,2,7],[4,1,4,2],[11,1,11,2],[18,1,18,2],[24,1,24,2],[30,0,30,5]]}
["全费用清单明细表"]
["工程名称：棒材加热炉蓄热烧嘴改造",{"$nulls":5},"项目编号：201099"]
["序号","项目名称","项目特征及工作内容","单位","工程量","不含税金额（元）"]
[{"$nulls":5},"全费用综合单价","合价","其中:暂估价"]
[null,"机械拆除"]
[1,"低压碳钢管","[项目特征]\n1.材质:碳钢管\n2.规格:DN200\n[工作内容]\n1.管道及管件拆除","m",30,22,{"$f":"F6*E6","v":660}]
[2,"低压碳钢管","[项目特征]\n1.材质:碳钢管\n2.规格:DN250\n[工作内容]\n1.管道及管件拆除","m",20,28,{"$f":"F7*E7","v":560}]
[3,"低压法兰阀门","[项目特征]\n1.名称:阀门                      2.型号、规格：DN200\n[工作内容]\n1.阀门及法兰拆除","个",32,268,8576]
[4,"低压法兰阀门","[项目特征]\n1.名称:阀门                       2.型号、规格：DN250\n[工作内容]\n1.阀门及法兰拆除","个",12,391,4692]
[5,"烧嘴","[项目特征]\n1.名称:烧嘴\n2.规格:DN150\n[工作内容]\n1.烧嘴拆除","个",12,89,1068]
[6,"钢平台拆除","[项目特征]                       名称：钢平台                       [工作内容]\n1.拆除","t",2,450,900]
[null,"机械安装"]
[1,"低压碳钢管（材料利旧）","[项目特征]\n1.材质:焊接钢管\n2.规格:DN200\n3.连接形式、焊接方法:电弧焊\n4.压力试验、吹扫与清洗设计要求:符合设计及规范要求\n[工作内容]\n1.安装\n2.压力试验\n3.吹扫、清洗\n","m",30,55,1650]
[2,"低压碳钢管（材料利旧）","[项目特征]\n1.材质:焊接钢管\n2.规格:DN250\n3.连接形式、焊接方法:电弧焊\n4.压力试验、吹扫与清洗设计要求:符合设计及规范要求\n[工作内容]\n1.安装\n2.压力试验\n3.吹扫、清洗\n","m",20,73,1460]
[3,"低压法兰阀门（材料利旧）","[项目特征]\n1.名称:阀门\n2.型号、规格:DN200\n3.连接形式:法兰\n[工作内容]\n1.安装（含法兰）\n2.操纵装置安装\n3.壳体压力试验、解体检查及研磨\n4.调试","个",32,665,21280]
[4,"低压法兰阀门（材料利旧）","[项目特征]\n1.名称:阀门\n2.型号、规格:DN250\n3.连接形式:法兰\n[工作内容]\n1.安装（含法兰）\n2.操纵装置安装\n3.壳体压力试验、解体检查及研磨\n4.调试","个",12,957,11484]
[5,"烧嘴（甲供）","[项目特征]\n1.名称:烧嘴\n2.规格:DN150\n3.焊接方式:电弧焊\n[工作内容]\n1.安装","个",12,189,2268]
[6,"钢平台安装（材料利旧）","[项目特征]\n1.钢材品种:Q345\n2.除锈标准:满足设计及规范要求\n3.油漆品种及漆膜厚度:满足业主和设计及规范要求（此单价不包括防火漆或防火涂料）\n4.其他：满足设计及规范要求\n5.运输距离:投标人自行考虑\n[工作内容]                 1.拼装\n2.安装\n3.探伤\n4.油漆","t",2,{"$f":"1000+550","v":1550},3100]
[null,"砌筑拆除"]
[1,"加热炉烧嘴砖拆除","[项目特征]\n1.名称:耐火预制件\n[工作内容]\n1.加热炉烧嘴砖拆除","m3",5,{"$f":"300*2.5","v":750},3750]
[2,"加热炉烧嘴蜂窝体拆除","[项目特征]\n1.名称:莫来石\n[工作内容]\n1.加热炉烧嘴蜂窝体拆除","m3",3.6,{"$f":"300","v":300},1080]
[3,"浇筑料拆除","[项目特征]\n1.名称:浇筑料\n[工作内容]\n1.耐火材料拆除","m3",6,{"$f":"300*2.3","v":690},4140]
[4,"耐火砖拆除","[项目特征]\n1.名称:耐火砖\n[工作内容]\n1.耐火材料拆除","m3",1.5,{"$f":"300*2.5","v":750},1125]
[5,"耐火纤维拆除","[项目特征]\n1.名称:耐火纤维\n[工作内容]\n1.耐火材料拆除","m3",0.5,200,100]
[null,"砌筑"]
[1,"加热炉烧嘴砖（甲供）","[项目特征]\n1.名称:耐火预制件\n[工作内容]\n1.清理\n2.放线、标记、立线杆\n3.运输（含装卸码垛）\n4.安装\n5.质量自检","m3",5,{"$f":"500*2.5","v":1250},{"$f":"F26*E26","v":6250}]
[2,"加热炉烧嘴蜂窝体（甲供）","[项目特征]\n1.名称:莫来石\n[工作内容]\n1.清理\n2.放线、标记、立线杆\n3.运输（含装卸码垛）\n4.安装\n6.质量自检","m3",3.6,{"$f":"500*1","v":500},{"$f":"F27*E27","v":1800}]
[3,"浇筑料（甲供）","[项目特征]\n1.名称：浇注料\n2.施工环境：高温、多尘、有限空间\n3.安全文明施工及措施：包含完成该项工作的安全文明施工及措施等全部费用\n[工作内容]\n1.清理\n2.锚固件安装\n3.运输、搅拌、浇注、振捣\n4.养护\n5.支模、脱模","m3",6,{"$f":"500*2.3","v":1150},{"$f":"F28*E28","v":6900}]
[4,"耐火砖（甲供）","[项目特征]\n1.名称：高铝砖\n2.施工环境：多尘、有限空间\n3.安全文明施工及措施：包含完成该项工作的安全文明施工及措施等全部费用\n[工作内容]\n1.清理\n2.放线、标记、立线杆\n3.运输（含装卸码垛）\n4.泥浆搅拌\n5.演砖、砌砖、临时砖加工\n6.质量自检","m3",1.5,{"$f":"500*2.5","v":1250},{"$f":"F29*E29","v":1875}]
[5,"耐火纤维（甲供）","[[项目特征]\n1.材质：纤维毡\n2.安全文明施工及措施：包含完成该项工作的安全文明施工及措施等全部费用\n[工作内容]\n1.清理\n2.运输\n3.纤维毡铺贴","m3",0.5,{"$f":"1700*0.2","v":340},{"$f":"F30*E30","v":170}]
["合   计",{"$nulls":5},{"$f":"SUM(G6:G30)","v":84888}]

{"sheet":"甲供材料及设备一览表","index":2,"n_rows":9,"n_cols":6,"rows_kept":9,"merged":[[0,0,0,5],[1,0,1,2],[1,3,1,4]]}
["甲供材料、设备一览表"]
["工程名称：棒材加热炉蓄热烧嘴改造",null,null,"项目编号：   201099"]
["序号","设备/材料名称","规格型号","单位","数量（含损耗）","备注"]
[1,"加热炉烧嘴砖","耐火预制件","T",{"$f":"5*2.8","v":14}]
[2,"烧嘴蜂窝体","莫来石","T ",11]
[3,"浇筑料",null,"T",16]
[4,"耐火砖",null,"T",4]
[5,"耐火纤维","DN150","m3",0.52]
[6,"烧嘴",null,"个",12]